Sports Quiz

Random Sports Quiz

Darts players who have hit a tv 9 darter Quiz Stats

 Plays Quiz not verified by Sporcle

Challenge
Share
Tweet
Embed
Score 0/14 Timer 10:00
0 Plays Today
year player % Correct
02 04 05 07 x2 08 2010 x2phil taylor
99.2%
2011 x2adrian lewis
81.8%
06 09 x2 2010 x2raymond van barneveld
78.2%
08james wade
77.7%
1984john lowe
71.8%
1990paul lim
61.5%
2011john part
48.1%
year player % Correct
09 2010mervyn king
41.5%
07michael van gerwen
38.5%
2011brendan dolan
30.9%
2002shaun greatbatch
24.4%
07tony o'shea
22.1%
07john walton
16.2%
09darryl fitton
13.1%

You're not logged in!

Compare scores with friends on all Sporcle quizzes.
Join for Free
OR
Log In

You Might Also Like...

Show Comments

Extras

Top Quizzes Today


Score Distribution

Your Account Isn't Verified!

In order to create a playlist on Sporcle, you need to verify the email address you used during registration. Go to your Sporcle Settings to finish the process.

Report this User

Report this user for behavior that violates our Community Guidelines.

Details: